00461 a2200169 4500001000700000020000600007040001100013100002500024240004400049245003900093362000900132440001100141697001100152942000700163952010200170999001900272169150 a  cMagnum aNovaes, Maria Eliana10aProfessora primaria: mestra ou tialpor10aProfessora primaria: mestra ou tia0 a1899 1aCortez aENSINO cBK 00104070a32.5b32.5d2024-06-08l0oLI.06762pMAG00013699r2024-06-08 20:41:35w2024-06-08yBK c169150d169150